Encanto - Surface Pressure (All lyrics) - Statistics

General Stats
  • This quiz has been taken 274 times
    200 since last reset
  • The average score is 336 of 453
Answer Stats
Lyrics % Correct
I
100%
a
99%
A
99%
the
99%
to
97%
no
96%
No
96%
on
96%
Who
96%
I’m
95%
strong
95%
is
93%
one,
93%
pressure
93%
Pressure
93%
as
91%
of
91%
surface
91%
surface,
91%
And
90%
and
90%
don’t
90%
it
90%
not
90%
what
90%
“Yo,
90%
go
88%
go,
88%
like,
88%
like
88%
can
87%
her
87%
if
86%
If
86%
under
86%
Under
86%
But
85%
but
85%
can’t
85%
Earth
85%
nervous
85%
sister,
85%
sister
85%
tough
85%
you
85%
You
85%
break
84%
Give
84%
never
84%
your
84%
crust
82%
know
82%
That
82%
that
82%
worth
80%
fight
79%
in
79%
my
79%
stop,
79%
stop
79%
wanna
79%
all
78%
all?
78%
am
78%
Hercules
78%
how
78%
drip,
77%
drip
77%
move
76%
we
76%
be
75%
ever
75%
just
75%
Just
75%
mountains,
75%
churches
74%
pop,
73%
‘til
73%
ask
72%
blow,
71%
breaks
71%
breaks,
71%
‘cause
71%
‘Cause
71%
Cerberus?”
71%
hard
71%
It’s
71%
it’s
71%
work
71%
older,
70%
she
70%
was
70%
sister’s
69%
take
69%
whoa
68%
whoa,
68%
what’s
66%
back,
65%
back?
65%
camel’s
65%
oh,
64%
oh
64%
See
64%
see
64%
stronger
64%
crack,
63%
Diamonds
63%
fall
63%
or
63%
shoulder,
63%
worthless
63%
circus
62%
demanded
62%
tip,
62%
tip
62%
heavy
61%
feel
60%
hurt
60%
hurt,
60%
platinum,
60%
pretty
60%
service
60%
some
60%
sure
60%
that’ll
60%
things
60%
tick,
60%
tick
60%
won’t
60%
doesn’t
59%
glow,
57%
ready
57%
three
57%
wait,
57%
flatten
56%
‘em,
55%
‘em
55%
handed,
55%
little
55%
mistakes
55%
mistakes,
55%
find
54%
let
54%
longer
54%
ring
54%
Would
54%
could
53%
Got
53%
carry
52%
for
52%
growing
52%
growing,
52%
joy
51%
relaxation,
51%
this?
51%
this
51%
up
51%
big
49%
hang
49%
iceberg
49%
keep
49%
straw
49%
tightrope
49%
weight
49%
ball?
48%
stack
48%
walker
48%
crushing
47%
falter
46%
rough
46%
ship
46%
with
46%
have
45%
burden
43%
handle
43%
shake
43%
family
42%
run
42%
expectations
40%
flaw
40%
free
40%
gonna
40%
indestructible
40%
Keeps
40%
measure
40%
room
40%
us
40%
wonder
40%
every
39%
going
39%
Instead,
39%
pleasure?
39%
simple
39%
something
38%
swerve
38%
Watch
38%
wind
38%
try
37%
blows
36%
worry
36%
bends
35%
goes
35%
dominoes,
34%
grip,
34%
light
34%
takes?
34%
think
34%
Line
33%
nerves
33%
same
33%
purpose,
31%
about
29%
pulled
29%
somehow
29%
would’ve
29%
preserve
28%
cracks,
26%
heard
26%
beserk
24%
buckles
23%
worsens,
23%
hide
17%
tumbling,
17%
No matching quizzes found
Score Distribution
Percent of People with Each Score
Percentile by Number Answered
Your Score History
You have not taken this quiz since the last reset